Drapeaux par IA - Facile - Statistiques

Statistiques générales
  • Ce quiz a été pris 116 fois
  • Le résultat moyen est 16 sur 16
Statistiques - réponses
Par images Réponse % Correct
Argentine
100%
Canada
100%
Espagne
100%
France
100%
Japon
100%
Allemagne
99%
Chine
99%
Italie
99%
Royaume-Uni
99%
Australie
98%
Brésil
98%
États-Unis
97%
Inde
96%
Mexique
96%
Pays-Bas
96%
Russie
95%
Aucun quiz correspondant
Distribution des résultats
% des personnes avec chaque résultat
Percentile par nombre de réponses
Votre historique - résultats
Vous n’avez pas pris ce quiz